Qaṭr al-nadá wa-ball al-ḍadá, (Record no. 49313)
[ view plain ]
| 000 -LEADER | |
|---|---|
| fixed length control field | 00866cam a22002411 4500 |
| 001 - CONTROL NUMBER | |
| control field | ne 67000098 |
| 003 - CONTROL NUMBER IDENTIFIER | |
| control field | DLC |
| 005 - DATE AND TIME OF LATEST TRANSACTION | |
| control field | 20260227111828.0 |
| 008 - FIXED-LENGTH DATA ELEMENTS--GENERAL INFORMATION | |
| fixed length control field | 890502s1966 ua 000 0 ara |
| 010 ## - LIBRARY OF CONGRESS CONTROL NUMBER | |
| LC control number | ne 67000098 |
| 025 ## - OVERSEAS ACQUISITION NUMBER | |
| Overseas acquisition number | PL480:UAR-7733 |
| 035 ## - SYSTEM CONTROL NUMBER | |
| System control number | (OCoLC)19645006 |
| 040 ## - CATALOGING SOURCE | |
| Original cataloging agency | DLC |
| Transcribing agency | WaU |
| Modifying agency | WaU |
| -- | DLC |
| 042 ## - AUTHENTICATION CODE | |
| Authentication code | premarc |
| 050 00 - LIBRARY OF CONGRESS CALL NUMBER | |
| Classification number | PJ6101 |
| Item number | .I19 1966 |
| 100 2# - MAIN ENTRY--PERSONAL NAME | |
| Personal name | Ibn Hishām, ʻAbd Allāh ibn Yūsuf, |
| Dates associated with a name | 1309-1360. |
| 245 10 - TITLE STATEMENT | |
| Title | Qaṭr al-nadá wa-ball al-ḍadá, |
| Statement of responsibility, etc. | taʼlīf Ibn Hishām al-Anṣārī. Sharḥ wa-taʻlīq Ṭāhā Muḥammad al-Zaynī [wa-]Muḥammad ʻAbd al-Munʻim Khafājī. |
| 260 ## - PUBLICATION, DISTRIBUTION, ETC. | |
| Place of publication, distribution, etc. | [al-Qāhirah] |
| Name of publisher, distributor, etc. | Muḥammad ʻAlī Ṣabīḥ |
| Date of publication, distribution, etc. | [1966] |
| 300 ## - PHYSICAL DESCRIPTION | |
| Extent | 2 v. in 1. |
| Dimensions | 24 cm. |
| 650 #0 - SUBJECT ADDED ENTRY--TOPICAL TERM | |
| Topical term or geographic name entry element | Arabic language |
| General subdivision | Grammar. |
| 700 1# - ADDED ENTRY--PERSONAL NAME | |
| Personal name | Zaynī, Tāhā Muḥammad, |
| Relator term | ed. |
| 700 1# - ADDED ENTRY--PERSONAL NAME | |
| Personal name | Khafājī, Muḥammad ʻAbd al-Munʻim, |
| Relator term | ed. |
No items available.